[Event "1st WMSG Blitz Team w"]
[Site "Beijing CHN"]
[Date "2008.10.13"]
[Round "2"]
[White "Madl,I"]
[Black "Paridar,S"]
[Result "0-1"]
[WhiteElo "2376"]
[BlackElo "2248"]

1.e4 c5 2.Nf3 Nc6 3.d4 cxd4 4.Nxd4 Qc7 5.Nc3 e6 6.Be3 a6 7.Bd3 Nf6 8.O-O b5
9.Nxc6 Qxc6 10.a3 Bb7 11.Qe2 h5 12.f3 Qc7 13.a4 b4 14.Na2 Bd6 15.h3 h4 16.Bd4 Nh5
17.e5 Ng3 18.Qf2 Bxe5 19.Rfe1 Bd6 20.c3 b3 21.Nc1 Bd5 22.c4 Bxc4 23.Bxc4 Qxc4
24.Bxg7 Bc5 25.Bxh8 Bxf2+ 26.Kxf2 Qc2+ 27.Kg1 Rc8 28.Be5 Qd2 29.Nd3 Qxd3
30.Rad1 Qc2 31.Bf6 d5 32.Bxh4 Ne2+ 33.Kh2 d4 34.Bf6 d3 35.h4 Nf4 36.Bc3 d2
37.Rxd2 Qh7 38.g3 Nd3 39.Red1 Nc5 40.Bf6 Nb7 41.g4 Rc2 42.g5 Qxh4+ 43.Kg2 Qc4
44.Kg3 Qc7+ 45.Kg2 Nd6 46.Kg1 Rxd2 47.Rxd2 Qc1+ 48.Kg2 Qxd2+ 49.Kg3 Nc4 50.Kg4 Qxb2
51.f4 Qc2 52.Kg3 Qf5 53.Kf3 b2 54.Kf2 Qe4 55.Kg1 Qxf4 56.Kh1 Qe3 57.g6 Qf2  0-1

[Event "1st WMSG Blitz Team w"]
[Site "Beijing CHN"]
[Date "2008.10.13"]
[Round "4"]
[White "Azarova,N"]
[Black "Paridar,S"]
[Result "0-1"]
[WhiteElo "2308"]
[BlackElo "2248"]

1.e4 c5 2.Nf3 Nc6 3.d4 cxd4 4.Nxd4 Qc7 5.Be3 e6 6.Be2 a6 7.O-O Nf6 8.f3 Bd6
9.g3 h5 10.Bf2 h4 11.Kg2 Be5 12.c3 g5 13.Nd2 b5 14.a4 b4 15.Nc4 bxc3 16.bxc3 Bb7
17.Rb1 g4 18.f4 Bxd4 19.cxd4 Nxe4 20.Qb3 Rb8 21.Kg1 Nxf2 22.Rxf2 hxg3 23.Qxg3 Nxd4
24.Bxg4 Qxc4 25.Rfb2 Qd5 26.Kf2 Rc8 27.Rxb7 Rc2+ 28.Kg1 Ke7 29.f5 exf5 30.Re1+ Ne6
31.Bf3 Qd4+ 32.Kh1 f4 33.Qg5+ Qf6 34.Qxf6+ Kxf6 35.Bg2 f3 36.Rf1 Ng5 37.Rxd7 Ke6
38.Ra7 fxg2+ 39.Kg1 gxf1=Q+ 40.Kxf1 Rc6 41.Rb7 Rxh2 42.Rb1 Rh1+ 43.Kg2 Rxb1  0-1

[Event "1st WMSG Blitz Team"]
[Site "Beijing CHN"]
[Date "2008.10.13"]
[Round "11"]
[White "Esenov,An"]
[Black "Piscopo,P"]
[Result "1-0"]
[WhiteElo "2319"]
[BlackElo "2380"]

1.e4 c5 2.Nf3 Nc6 3.d4 cxd4 4.Nxd4 Qb6 5.Nb3 Nf6 6.Nc3 e6 7.Be3 Qc7 8.Bd3 a6
9.O-O b5 10.f4 d6 11.Kh1 Bb7 12.f5 Be7 13.Qe1 h5 14.a4 b4 15.Ne2 exf5 16.Rxf5 g6
17.Rf1 Ng4 18.Bg1 Nge5 19.Nf4 O-O 20.Nd5 Qd8 21.Bb6 Qd7 22.Qg3 h4 23.Qf2 Kg7
24.Nd4 Nxd4 25.Bxd4 Bg5 26.Nxb4 f6 27.Nd5 Bxd5 28.exd5 Kh7 29.Bxe5 dxe5 30.c4 Rab8
31.Qe2 Kg7 32.Qe4 Qf7 33.Rf2 Rfe8  1-0

[Event "1st WMSG Rapid Team"]
[Site "Beijing CHN"]
[Date "2008.10.14"]
[Round "1"]
[White "Waqar,M"]
[Black "Haznedaroglu,K"]
[Result "0-1"]
[WhiteElo "2207"]
[BlackElo "2436"]

1.e4 c5 2.Nf3 Nc6 3.d4 cxd4 4.Nxd4 Qb6 5.Nb3 Nf6 6.Nc3 e6 7.Be3 Qc7 8.Bd3 a6
9.O-O Be7 10.f4 d6 11.Kh1 O-O 12.Qf3 b5 13.a3 Bb7 14.Rae1 b4 15.axb4 Nxb4
16.Qg3 Nxd3 17.cxd3 Rab8 18.Nd4 Bc8 19.Re2 Kh8 20.Ref2 a5 21.e5 Nh5 22.Qh3 g6
23.f5 dxe5 24.fxg6 hxg6 25.Ndb5 Qc6 26.Rxf7 Bb7 27.Na7 Qd6 28.Bh6 Rxf7 29.Rxf7 Kg8
30.Nab5 Qd7 31.Rf1 Bc6 32.Qg4 Kh7 33.Be3 Rf8 34.Rxf8 Bxf8 35.Na7 Bb7 36.Ne4 Qxd3
37.Ng5+ Kh8 38.Nf7+ Kg7 39.Nxe5 Qf1+ 40.Bg1 Nf4 41.Nf3 Nxg2 42.Qd4+ Kg8 43.Qf2 Qxf2
44.Bxf2 Nf4 45.Kg1 Bxf3 46.Bb6 Nd5 47.Bxa5 Bc5+ 48.Kf1 Bxa7 49.b4 e5 50.b5 e4
51.Ke1 Bd4  0-1

[Event "13th ECC w"]
[Site "Kallithea GRE"]
[Date "2008.10.18"]
[Round "2"]
[White "Ciuksyte,D"]
[Black "Botvinnik,Ir"]
[Result "1-0"]
[WhiteElo "2339"]
[BlackElo "2239"]

1.e4 c5 2.Nf3 Nc6 3.d4 cxd4 4.Nxd4 Qb6 5.Nb3 Nf6 6.Nc3 e6 7.Bd3 Be7 8.O-O d5
9.exd5 exd5 10.Be3 Qc7 11.Qf3 Be6 12.Nb5 Qd7 13.Nc5 Qc8 14.Qg3 O-O 15.Nd6 Bxd6
16.Qxd6 Rd8 17.Qg3 Ne7 18.Bd4 Ng6 19.Bxf6 gxf6 20.Nxe6 Qxe6 21.Rae1 Qb6 22.h4 Kh8
23.h5 Ne5 24.Rxe5 Rg8 25.Qf4 fxe5 26.Qxe5+ Rg7 27.Re1 Rg8 28.Kf1 Qh6 29.g3 Qc6
30.Qd4 f6 31.h6 Rf7 32.Kg1 b6 33.Re3 Rg5 34.Qf4 Qd7 35.Bf5 Qd8 36.Rc3 Qe7
37.Rc6 b5 38.Re6 Qf8 39.Qe3 Qxh6 40.Re8+ Kg7 41.Be6 Rf8 42.Rxf8 Kxf8 43.Qc5+  1-0

[Event "XIII IBCA ol"]
[Site "Heraklion GRE"]
[Date "2008.10.19"]
[Round "1"]
[White "Zsiltzova Lisenko,L"]
[Black "Pugliese,G"]
[Result "1-0"]
[WhiteElo "2265"]
[BlackElo "1820"]

1.e4 c5 2.Nf3 Nc6 3.d4 cxd4 4.Nxd4 Qc7 5.Nc3 e6 6.f4 Bb4 7.Nb5 Qb8 8.a3 Be7
9.Be3 a6 10.Nd4 b5 11.Nxc6 dxc6 12.e5 f6 13.Bd3 f5 14.g4 Bh4+ 15.Kf1 g6 16.Qf3 Bb7
17.gxf5 c5 18.Be4 Bxe4 19.Nxe4 exf5 20.Nd6+ Kf8 21.Qd5 Nh6 22.Bxc5 Kg7 23.e6 Be7
24.Bd4+ Bf6 25.e7 Qg8 26.Bxf6+ Kxf6 27.Qe5+  1-0

[Event "WYCC Boys U18"]
[Site "Vung Tau City VIE"]
[Date "2008.10.21"]
[Round "2"]
[White "Aitbayev,A"]
[Black "Chirila,I"]
[Result "1-0"]
[WhiteElo "2296"]
[BlackElo "2462"]

1.e4 c5 2.Nf3 Nc6 3.d4 cxd4 4.Nxd4 Qb6 5.Nb3 Nf6 6.Nc3 e6 7.Be3 Qc7 8.Bd3 a6
9.f4 d6 10.Qf3 Be7 11.O-O-O b5 12.g4 Nd7 13.Qf2 Rb8 14.g5 Nb6 15.Kb1 Na4
16.Ne2 Nb4 17.f5 Nc5 18.Ng3 Nxb3 19.cxb3 Bb7 20.Rhf1 e5 21.f6 gxf6 22.gxf6 Bf8
23.Be2 Rg8 24.Bf3 Rg6 25.Rc1 Qa5 26.a3 Nd3 27.Bd2 Nxf2 28.Bxa5 Nd3 29.Rcd1 Nc5
30.Bc7 Rc8 31.Bxd6 Bxd6 32.Rxd6 Nxb3 33.Nf5 Nd4 34.Nxd4 exd4 35.e5 Bxf3 36.Rxf3 Rg1+
37.Ka2 Rd8 38.Rxd8+ Kxd8 39.e6 Ke8 40.e7 Rc1 41.Rg3  1-0

[Event "Vasylyshyn Mem"]
[Site "Lviv UKR"]
[Date "2008.10.22"]
[Round "2"]
[White "Oleksienko,M"]
[Black "Nyzhnyk,I"]
[Result "1-0"]
[WhiteElo "2585"]
[BlackElo "2444"]

1.e4 c5 2.Nf3 Nc6 3.d4 cxd4 4.Nxd4 Qb6 5.Nb3 Nf6 6.Nc3 e6 7.Bd3 d6 8.Be3 Qc7
9.f4 a6 10.Qf3 Be7 11.g4 Nd7 12.g5 b5 13.O-O-O Bb7 14.Qh3 Nb4 15.Kb1 Nxd3
16.cxd3 O-O 17.Rhg1 Rfc8 18.Rc1 b4 19.Nd5 Qd8 20.Nxe7+ Qxe7 21.Na5 Nf8 22.Qg3 Qd7
23.Bb6 Ng6 24.Qe3 Ne7 25.Qd4 Nc6 26.Nxc6 Bxc6 27.Ba5 e5 28.fxe5 dxe5 29.Qxd7 Bxd7
30.Bxb4 Bb5 31.Rxc8+ Rxc8 32.Rg3 Rc6 33.Bc3 Re6 34.b3 Kf8 35.a4 Bd7 36.Kb2 Rb6
37.Ka3 f6 38.h4 Kf7 39.h5 Be6 40.b4 Rc6 41.Kb2 Rc8 42.h6 Rg8 43.Rf3 Kg6 44.hxg7 Kxg5
45.Bd2+ Kg6 46.Rg3+ Kf7 47.Bh6 Rc8 48.Rg1 Bd7 49.Kb3 Be6+ 50.Ka3 Rc3+ 51.Kb2 Rc8
52.b5 axb5 53.axb5 Rb8 54.Kc3 Bd7 55.b6 Kg8 56.Ra1 Bc6 57.Kb4 Bb7 58.Rc1 f5
59.exf5 e4 60.f6 Bd5 61.dxe4  1-0

[Event "WYCC Boys U18"]
[Site "Vung Tau City VIE"]
[Date "2008.10.22"]
[Round "4"]
[White "Biryukov,M"]
[Black "Chirila,I"]
[Result "0-1"]
[WhiteElo "2279"]
[BlackElo "2462"]

1.e4 c5 2.Nf3 Nc6 3.d4 cxd4 4.Nxd4 Qb6 5.Nb3 Nf6 6.Nc3 e6 7.Be3 Qc7 8.Bd3 d6
9.O-O a6 10.a4 b6 11.f3 Be7 12.Qe2 O-O 13.Qf2 Nd7 14.Rfd1 Bb7 15.Ne2 Nb4
16.Ned4 d5 17.exd5 Nxd5 18.Be4 N7f6 19.Bxd5 Nxd5 20.Kh1 g6 21.c3 Rfd8 22.Ne2 Nxe3
23.Qxe3 Bd5 24.Nbd4 e5 25.Nc2 Bb3 26.Rxd8+ Rxd8 27.Nb4 Bc5 28.Nxa6 Bxe3 29.Nxc7 Rd2
30.Ng3 Rxb2 31.Ne4 f5 32.Nf6+ Kg7 33.Nd7 Rd2 34.Nb8 e4 35.fxe4 fxe4 36.h4 Bf4
37.Nba6 e3  0-1

[Event "Guernsey Open"]
[Site "Guernsey GCI"]
[Date "2008.10.24"]
[Round "6"]
[White "Burrows,M"]
[Black "Simmons,Mat"]
[Result "1-0"]
[WhiteElo "2196"]
[BlackElo "2067"]

1.e4 c5 2.Nf3 Nc6 3.d4 cxd4 4.Nxd4 Qb6 5.Nb3 Nf6 6.Nc3 e6 7.Be3 Qc7 8.f4 d6
9.Bd3 a6 10.Qf3 Be7 11.O-O-O Nd7 12.Rhe1 b5 13.Kb1 Bb7 14.Qg3 Bf6 15.e5 dxe5
16.f5 Rc8 17.fxe6 fxe6 18.Bxh7 Rxh7 19.Qg6+ Ke7 20.Qxh7 Nd8 21.Qd3 e4 22.Nxe4 Bd5
23.Nxf6 gxf6 24.Qh7+ Kd6 25.Nd4 Ne5 26.Qxc7+ Rxc7 27.Bf4 Rg7 28.g3 Nf7 29.Nf3 Ke7
30.Nxe5 fxe5 31.Bxe5 Rh7 32.h4 Rh5 33.Bc3 Kd7 34.Bf6 Nh6 35.Re5  1-0

[Event "12th Corsica Masters"]
[Site "Bastia/Ajaccio FRA"]
[Date "2008.10.25"]
[Round "1"]
[White "Migheli,G"]
[Black "Hamdouchi,H"]
[Result "0-1"]
[WhiteElo "1771"]
[BlackElo "2598"]

1.e4 c5 2.Nf3 Nc6 3.d4 cxd4 4.Nxd4 Qb6 5.Nb3 Nf6 6.Nc3 e6 7.Be3 Qc7 8.f3 a6
9.Qd2 Bb4 10.g4 h6 11.O-O-O d5 12.a3 Bxc3 13.Qxc3 dxe4 14.fxe4 O-O 15.Bd3 Qe5
16.Qe1 Nxg4 17.Bc5 Rd8 18.Rg1 Qf4+ 19.Kb1 Nge5 20.Be3 Qf6 21.Rf1 Qe7 22.Qg3 Ng6
23.Rd2 Nce5 24.Rdf2 Bd7 25.Rg1 Ba4 26.Bd4 Nxd3 27.Qxd3 Bxb3 28.cxb3 e5 29.Qd1  0-1

[Event "TCh-HUN 2008-9"]
[Site "Szombathely HUN"]
[Date "2008.10.26"]
[Round "1"]
[White "Nemeth,Mi1"]
[Black "Berczes,C"]
[Result "1-0"]
[WhiteElo "2479"]
[BlackElo "2399"]

1.e4 c5 2.Nf3 Nc6 3.d4 cxd4 4.Nxd4 Qc7 5.Nc3 e6 6.Be3 Nf6 7.Bd3 a6 8.O-O Be7
9.Nb3 d6 10.f4 b5 11.Qf3 Bb7 12.Qh3 h6 13.a3 Rd8 14.Rae1 O-O 15.Rf3 d5 16.exd5 exd5
17.f5 Nh7 18.Rg3 Bg5 19.Bxg5 hxg5 20.Qh5 g4 21.Qxg4 f6 22.Nc5 Ne5 23.Qd4 Bc8
24.Nxd5 Qd6 25.Nxf6+ Nxf6 26.Qxd6 Rxd6 27.Rxe5 Nh5 28.Rf3 Nf6 29.a4 Ng4 30.Re7 Rd5
31.Ne6 Bxe6 32.fxe6 Ne5 33.Bh7+ Kxh7 34.Rxf8 Ng6 35.Rd7 Re5 36.e7 Nxf8 37.exf8=Q  1-0

[Event "Vasylyshyn Mem"]
[Site "Lviv UKR"]
[Date "2008.10.27"]
[Round "10"]
[White "Kravtsiv,M"]
[Black "Nyzhnyk,I"]
[Result "0-1"]
[WhiteElo "2549"]
[BlackElo "2444"]

1.e4 c5 2.Nf3 Nc6 3.d4 cxd4 4.Nxd4 Qb6 5.Nb3 Nf6 6.Nc3 e6 7.Bd3 a6 8.Be3 Qc7
9.f4 d6 10.Qf3 Be7 11.O-O-O h5 12.h3 h4 13.Rhe1 Bd7 14.Kb1 Rc8 15.Bf2 b5
16.Rd2 Kf8 17.Rde2 Nb4 18.e5 Bc6 19.exf6 Bxf3 20.fxe7+ Qxe7 21.gxf3 Nxd3
22.cxd3 Rh5 23.Nd4 Qd7 24.Nc2 e5 25.Ne4 exf4 26.Bd4 Rh6 27.Nf2 Re6 28.Re4 Rxe4
29.dxe4 Qc6 30.Bc3 d5 31.Rc1 b4 32.Bd2 Qb5 33.Bxf4 Qe2 34.Ng4 Qxf3 35.Bd6+ Ke8
36.Nge3 Qxh3 37.Rg1 Qf3 38.b3 h3 39.Rg3 Qe2 40.Kb2 h2 41.Rh3 Qd3 42.Bg3 Rxc2+
43.Nxc2 Qc3+ 44.Kb1 Qxg3 45.Rxg3 h1=Q+ 46.Kb2 Qh2 47.Rg5 Qc7  0-1

[Event "WYCC Girls U16"]
[Site "Vung Tau City VIE"]
[Date "2008.10.27"]
[Round "8"]
[White "Arig,B"]
[Black "Lvova,Y"]
[Result "0-1"]
[WhiteElo "1769"]
[BlackElo "2028"]

1.e4 c5 2.Nf3 Nc6 3.d4 cxd4 4.Nxd4 Qb6 5.Nb3 Nf6 6.Nc3 e6 7.Be2 Bb4 8.Be3 Qc7
9.Bd3 d5 10.exd5 Nxd5 11.Bd2 Nxc3 12.bxc3 Qe5+ 13.Qe2 Bxc3 14.Rd1 Qxe2+ 15.Kxe2 Bxd2
16.Rxd2 Ke7 17.Rhd1 f5 18.Bb5 Rd8 19.Rxd8 Nxd8 20.Nc5 Nf7 21.Ba4 Nd6 22.f3 b6
23.Bc6 Rb8 24.Nd3 Ba6 25.Kf2 Bxd3 26.Rxd3 Rc8 27.Ba4 e5 28.Kg3 g5 29.Bb3 e4
30.fxe4 fxe4 31.Rd2 h5 32.Re2 Nf5+ 33.Kf2 e3+ 34.Ke1 Kf6 35.Ba4 Rd8 36.Kf1 Ke5
37.Bb5 Rd1+ 38.Re1 Rxe1+ 39.Kxe1 Kd4 40.Ke2 Nd6 41.Bd7 Ne4 42.Bf5 Nc3+ 43.Ke1 Nxa2
44.g3 h4 45.gxh4 gxh4 46.Ke2 Nc3+ 47.Kf3 a5 48.h3 a4 49.Be6 a3 50.Bf7 a2
51.Bxa2 Nxa2 52.c4 Kd3  0-1

[Event "WYCC Boys U18"]
[Site "Vung Tau City VIE"]
[Date "2008.10.29"]
[Round "10"]
[White "Garnelis,J"]
[Black "Posedaru,B"]
[Result "1/2-1/2"]
[WhiteElo "2188"]
[BlackElo "2212"]

1.e4 c5 2.Nf3 Nc6 3.d4 cxd4 4.Nxd4 Qb6 5.Nb3 Nf6 6.Nc3 e6 7.Qe2 Bb4 8.Bd2 O-O
9.a3 Be7 10.O-O-O d5 11.e5 Nd7 12.Be3 Qc7 13.f4 a6 14.Qf2 b5 15.Na2 f6 16.exf6 Nxf6
17.Qe1 Ng4 18.Bd2 Bd7 19.Kb1 Rac8 20.h3 Nf6 21.Bd3 Bd6 22.g4 Bxf4 23.g5 Bxd2
24.Rxd2 Nh5 25.Nc5 Qd6 26.Nxa6 Ne5 27.Qd1 g6 28.N6b4 Ng3 29.Nc3 Nxh1 30.Qxh1 Nxd3
31.Rxd3 Rc4 32.Ne4 Qe7 33.Nf6+ Rxf6 34.gxf6 Qxf6 35.Rf3 Rf4 36.Rxf4 Qxf4
37.Nd3 Qf5 38.Qh2 e5 39.Nxe5 Qxh3 40.Qd2 Qh1+ 41.Ka2 Be6 42.Qg5 d4+ 43.b3 Qd5
44.Qf6 Qd6 45.Ng4 h5 46.Qxg6+ Kf8 47.Qh6+ Ke7 48.Qg5+ Kf8 49.Ne5 Bg4 50.Nxg4 hxg4
51.Qxg4 Qc5 52.Qe2 Qd5 53.Kb2 Qc5 54.Qd2 Ke8 55.Qa5 Qe5 56.Kb1 Qd5 57.Qd2 Kd7
58.Kb2 Kc6 59.Qh6+ Kb7 60.Qf6 Qc5 61.Qg7+ Ka6 62.Qg6+ Ka7 63.Qd3 Kb6 64.Qg3 Kb7
65.Qe1 Ka6 66.a4 bxa4 67.bxa4 Qc4 68.Qe8 Qc3+ 69.Kc1 Kb6 70.Qb5+ Ka7 71.Kb1 Qe1+
72.Ka2 Qc3 73.Qd3 Qb4 74.Qb5 Qxb5 75.axb5 Kb6 76.c4  1/2-1/2

[Event "Vasylyshyn Mem"]
[Site "Lviv UKR"]
[Date "2008.10.30"]
[Round "14"]
[White "Kravtsiv,M"]
[Black "Oleksienko,M"]
[Result "1-0"]
[WhiteElo "2549"]
[BlackElo "2585"]

1.e4 c5 2.Nf3 Nc6 3.d4 cxd4 4.Nxd4 Qb6 5.Nb3 Nf6 6.Nc3 e6 7.Qe2 d6 8.Be3 Qc7
9.g4 a6 10.g5 Nd7 11.f4 b5 12.Qf2 Be7 13.Bg2 b4 14.Ne2 a5 15.O-O Ba6 16.Rfc1 O-O
17.c3 Qb7 18.Ned4 Nxd4 19.cxd4 Bd3 20.d5 e5 21.f5 a4 22.Nd2 Rfc8 23.Bf1 Qa6
24.f6 Bxf1 25.Rxf1 gxf6 26.Qf5 Rc7 27.Rf3 Qe2 28.Raf1 Kh8 29.Rh3 h5 30.Rff3 Rg8
31.Rxh5+ Kg7 32.Qh3 Rc2 33.Nf1 b3 34.axb3 axb3 35.Rf2 Qc4 36.Rh7+ Kf8 37.Qh5  1-0

[Event "IX Rapid Open"]
[Site "El Sauzal ESP"]
[Date "2008.11.01"]
[Round "2"]
[White "Alvarez Diaz,V"]
[Black "Pogorelov,R"]
[Result "0-1"]
[WhiteElo "1980"]
[BlackElo "2441"]

1.e4 c5 2.Nf3 Nc6 3.d4 cxd4 4.Nxd4 Qc7 5.Nxc6 bxc6 6.Bd3 Nf6 7.c4 e5 8.O-O Bc5
9.Nd2 d6 10.Nf3 h6 11.h3 O-O 12.Re1 Rb8 13.Rb1 Rd8 14.Be3 Nd7 15.Qc2 a5 16.Bf1 Bxe3
17.Rxe3 Nc5 18.Rd1 Ne6 19.g3 c5 20.Kh2 Nd4 21.Nxd4 cxd4 22.Ree1 Be6 23.Rc1 Rb6
24.Rb1 Rdb8 25.b3 Qc5 26.Bd3 a4 27.Rb2 Qb4 28.Re2 Qc3  0-1

[Event "21st Belgrade Trophy"]
[Site "Obrenovac SRB"]
[Date "2008.11.01"]
[Round "5"]
[White "Zivkovic,Nem"]
[Black "Andonov,B"]
[Result "1/2-1/2"]
[WhiteElo "2099"]
[BlackElo "2328"]

1.e4 c5 2.Nf3 Nc6 3.d4 cxd4 4.Nxd4 Qc7 5.Nc3 e6 6.a3 Nf6 7.Be2 a6 8.O-O Bc5
9.Nb3 Ba7 10.Qd3 b5 11.Kh1 Bb7 12.f4 d5 13.e5 Ne4 14.Be3 Bxe3 15.Qxe3 Ne7
16.Nd4 Nxc3 17.bxc3 Bc6 18.f5 Nxf5 19.Nxf5 exf5 20.Rxf5 Bd7 21.Rf4 Rc8 22.Raf1 Be6
23.R1f3 Qc5 24.Rd4 Qxa3 25.Qg5 Qf8 26.Rdf4 h6 27.Qg3 Rg8 28.h3 Qe7 29.Re3 Kd7
30.Bg4 Rc4 31.Rd3 Kc6 32.Rxc4+ bxc4 33.Rd4 Bxg4 34.Rxg4 g5 35.Qf3 Kc5 36.Qe3+ Kb5
37.Rd4 Rd8 38.Qf2  1/2-1/2

[Event "TCh-BEL 2008-9"]
[Site "Belgium BEL"]
[Date "2008.11.02"]
[Round "3"]
[White "Hommeles,T"]
[Black "Wirig,A"]
[Result "1/2-1/2"]
[WhiteElo "2404"]
[BlackElo "2458"]

1.e4 c5 2.Nf3 Nc6 3.d4 cxd4 4.Nxd4 Qb6 5.Nb3 e6 6.Bd3 Nf6 7.Nc3 a6 8.O-O Be7
9.Kh1 Qc7 10.f4 d6 11.Qf3 Nb4 12.Bd2 Nxd3 13.cxd3 Bd7 14.Rac1 Qd8 15.e5 Bc6
16.Qg3 Nh5 17.Qh3 g6 18.Nd4 Ng7 19.Nxc6 bxc6 20.Ne4 d5 21.Nf6+ Bxf6 22.exf6 Qxf6
23.Bc3 d4 24.Bb4 Kd7 25.Rc4 Nf5 26.Bc5 h5 27.Qf3 Rhc8 28.b4 Ke8 29.Re1 a5
30.a4 axb4 31.Rxb4 Qd8 32.Re5 Rab8 33.Rxb8 Rxb8 34.Qxc6+ Qd7 35.Qxd7+ Kxd7
36.Re1 Ra8 37.Ra1 Kc6 38.Bb4 Ne3 39.Rc1+ Kb7 40.a5 Nd5 41.Bd2 Ka6 42.Rc6+ Ka7
43.Kg1 Rb8 44.Kf2 Rb2 45.Ke1 Kb7 46.Rc4 Ne3 47.Bxe3 dxe3 48.Rd4 Rxg2 49.Rd7+ Kc6
50.Rxf7 Rxh2 51.a6 Ra2 52.a7 Kd5 53.Rd7+ Kc5 54.Rc7+ Kd4 55.Rd7+ Kc5 56.Rc7+ Kd6
57.Rg7 h4 58.Rxg6 Kd5 59.Rg8 Rxa7 60.Ke2 Rh7 61.Kxe3 h3 62.Rd8+ Kc6 63.Rc8+ Kd6
64.Rc1 h2 65.Rh1 Kd5 66.Kf3 Kd4 67.Kg2 Ke3 68.Re1+ Kxf4 69.Kh1 e5 70.Re4+ Kf5
71.Re3 Rh4 72.Rf3+ Ke6  1/2-1/2

[Event "21st Belgrade Trophy"]
[Site "Obrenovac SRB"]
[Date "2008.11.03"]
[Round "7"]
[White "Kerecki,L"]
[Black "Clitan,Z"]
[Result "0-1"]
[WhiteElo "2174"]
[BlackElo "2045"]

1.e4 c5 2.Nf3 Nc6 3.d4 cxd4 4.Nxd4 Qc7 5.Be3 Nf6 6.Nc3 e6 7.Ndb5 Qb8 8.a4 Bb4
9.f3 O-O 10.Be2 d5 11.O-O a6 12.exd5 exd5 13.Nd4 Bd6 14.f4 Bc5 15.Kh1 Qd6
16.Bf3 Re8 17.Bg1 Nb4 18.Nce2 Nc6 19.c3 Bd7 20.b4 Ba7 21.Nxc6 Bxg1 22.Ne5 Ba7
23.Qd3 Rad8 24.Nd4 Qc7 25.Nxd7 Rxd7 26.Rad1 Ne4 27.Rc1 Qxf4 28.Bxe4 Qxe4
29.Qh3 Rd6 30.Nf5 Rg6 31.Ng3 Qg4 32.Rfe1 Rf8 33.Qxg4 Rxg4 34.Re7 Rb8 35.Nf5 Re4
36.Rd7 Rbe8 37.h3 Bb8 38.g4 g6 39.Nh6+ Kg7 40.Nxf7 R8e7 41.Rxe7 Rxe7 42.Nd8 Ba7
43.Rd1 d4 44.c4 Bb6 45.Nxb7 Rxb7 46.c5 Ba7 47.Rxd4 a5 48.c6 Rc7 49.Rc4 axb4
50.Rxb4 Kf6 51.Rb7 Rxb7 52.cxb7 Kg5 53.Kg2 Kh4 54.a5 g5 55.Kh2 Bb8+ 56.Kg2 Bc7
57.a6 Bb8  0-1

[Event "21st Belgrade Trophy"]
[Site "Obrenovac SRB"]
[Date "2008.11.03"]
[Round "7"]
[White "Milutin,R"]
[Black "Chirila,I"]
[Result "0-1"]
[WhiteElo "2321"]
[BlackElo "2462"]

1.e4 c5 2.Nf3 Nc6 3.d4 cxd4 4.Nxd4 Qb6 5.Nb3 Nf6 6.Nc3 e6 7.Bd3 d6 8.O-O a6
9.Be3 Qc7 10.a4 b6 11.f4 Be7 12.Qe2 O-O 13.Rae1 Nd7 14.Rf3 Re8 15.Rh3 g6
16.Bc4 Nb4 17.Nd4 Nf8 18.Rf1 Bf6 19.Bb3 d5 20.e5 Bg7 21.Qf2 Nd7 22.g4 Rb8
23.Rg3 Nc6 24.h4 Na5 25.h5 Nc4 26.Bxc4 dxc4 27.g5 gxh5 28.Qh2  0-1

[Event "21st Belgrade Trophy"]
[Site "Obrenovac SRB"]
[Date "2008.11.05"]
[Round "9"]
[White "Sredojevic,I"]
[Black "Damjanovic,D"]
[Result "1-0"]
[WhiteElo "2396"]
[BlackElo "2229"]

1.e4 c5 2.Nf3 Nc6 3.d4 cxd4 4.Nxd4 Qc7 5.Nc3 e6 6.Be3 a6 7.Qd2 Nf6 8.O-O-O Bb4
9.f3 Ne5 10.g4 h6 11.Kb1 Nc4 12.Bxc4 Qxc4 13.Nde2 b5 14.a3 Ba5 15.b4 Bc7
16.Bc5 a5 17.Qe3 axb4 18.axb4 e5 19.Qd3 Rb8 20.Kb2 Qe6 21.Nxb5 Rxb5 22.Qxb5 Ba6
23.Qa4 Bxe2 24.Qa8+ Bd8 25.Rd6 Qc4 26.Rb6 d6 27.Rxd6 Nd7 28.Qc6 Qb5 29.Re6+  1-0

[Event "21st Belgrade Trophy"]
[Site "Obrenovac SRB"]
[Date "2008.11.05"]
[Round "9"]
[White "Panic,Ne"]
[Black "Chirila,I"]
[Result "1/2-1/2"]
[WhiteElo "2360"]
[BlackElo "2462"]

1.e4 c5 2.Nf3 Nc6 3.d4 cxd4 4.Nxd4 Qb6 5.Nb3 Nf6 6.Nc3 e6 7.Bd3 d6 8.Be3 Qc7
9.f4 a6 10.Qf3 Be7 11.g4 Nd7 12.O-O-O b5 13.g5 Nb6 14.Qf2 Na4 15.Ne2 Nb4
16.Kb1 Bd7 17.Ng3 a5 18.Nh5 Rg8 19.f5 Nxb2 20.Kxb2 a4 21.Nc1 Bxg5 22.fxe6 fxe6
23.Bxg5 a3+ 24.Kb1 Qc3 25.Nf6+ gxf6 26.Qxf6 Qb2+ 27.Qxb2 axb2 28.Rhg1 bxc1=Q+
29.Bxc1 Rxg1 30.Rxg1 Rxa2 31.c3 Nxd3 32.Kxa2 Bc6 33.Ba3 Bxe4 34.Bxd6 Kd7
35.Bg3 e5 36.Kb1 Ke6 37.Kc2 Ne1+ 38.Kd1 Nf3 39.Rf1 Bd5 40.Rf2 Ng5 41.Rf8 Ne4
42.Re8+ Kf7 43.Rxe5 Nxc3+ 44.Kc2 b4 45.Be1 Be6 46.Bxc3 bxc3 47.Kxc3 Kf6 48.Kd4 Bf5
49.Ra5 Kg5 50.Ke3 Kg4 51.h3+ Kg5 52.Kf3 Kg6 53.Kg3 Kf6 54.Kh4 Kg6 55.Ra6+ Kg7
56.Rb6 Bc8 57.Rb1 Bf5 58.Ra1 Kf6 59.Ra2 Be6 60.Rf2+ Kg6 61.Rf3 Bf5 62.Rb3 Be6
63.Rb6 Kf7 64.Kg3 Bf5 65.h4 Kg7 66.Kf4 Bg6 67.Kg5 h6+ 68.Kf4 Bc2 69.Ke5 Bd3
70.Rb3 Bc2 71.Rc3 Bb1 72.h5 Kf7 73.Rc7+ Kg8 74.Kf6 Bd3 75.Rg7+ Kh8 76.Rg2 Be4
77.Re2 Bd3 78.Rb2 Kg8 79.Rb3 Bc2 80.Rc3 Bb1 81.Rg3+ Kh8  1/2-1/2

[Event "9th Open"]
[Site "Liberec CZE"]
[Date "2008.11.16"]
[Round "2"]
[White "Broucek,T"]
[Black "Vavra,P1"]
[Result "0-1"]
[WhiteElo "1990"]
[BlackElo "2299"]

1.e4 c5 2.Nf3 Nc6 3.d4 cxd4 4.Nxd4 Qb6 5.Nxc6 bxc6 6.Nc3 e5 7.Bc4 Nf6 8.O-O Be7
9.Kh1 O-O 10.f4 d6 11.b3 Qd4 12.Bb2 Qxd1 13.Raxd1 Ng4 14.Rde1 exf4 15.Rxf4 Bg5
16.Rff1 Ne3 17.Rf2 Nxc4 18.bxc4 Be6 19.c5 dxc5 20.e5 Rfd8 21.Ne4 Bh6 22.Nd6 Bxa2
23.c4 Rab8 24.Ba3 Rb1 25.Rxb1 Bxb1 26.Bxc5 a6 27.h4 Bg6 28.g4 Bc1 29.h5 Bd3
30.Nxf7 Re8 31.g5 Bxc4 32.g6 hxg6 33.hxg6 Bd3 34.Nd6 Rxe5 35.Nc8 Bxg6 36.Ne7+ Kh7
37.Nxg6 Kxg6 38.Rc2 Bf4 39.Bd4 Rh5+ 40.Kg1 c5 41.Rxc5 Rxc5 42.Bxc5 Kf5 43.Kf2 Ke4
44.Bb4 Kd3 45.Kf3 Bd2 46.Bf8 Bc3 47.Kf4 a5 48.Kf5 a4 49.Kg6 Kc2  0-1

[Event "21st Belgrade Trophy"]
[Site "Obrenovac SRB"]
[Date "2008.11.27"]
[Round "1"]
[White "Lovric,R"]
[Black "Pogorelov,R"]
[Result "0-1"]
[WhiteElo "2066"]
[BlackElo "2441"]

1.e4 c5 2.Nf3 Nc6 3.d4 cxd4 4.Nxd4 Qc7 5.Nc3 e6 6.Be3 a6 7.Qd2 Nf6 8.O-O-O Bb4
9.f3 Ne5 10.Nb3 d5 11.Bd4 O-O 12.Kb1 dxe4 13.Qf4 Bd6 14.Nxe4 Nxe4 15.Qxe4 Ng6
16.Qe3 b5 17.Bb6 Qb8 18.Bc5 Bxc5 19.Qxc5 Ra7 20.Bd3 Rc7 21.Qe5 f6 22.Qe3 Ne5
23.f4 Nxd3 24.Rxd3 Rc4 25.c3 e5 26.fxe5 Qxe5 27.Re1 Bf5  0-1

[Event "sub-zt 2.3.4 Absoluto"]
[Site "San Andres COL"]
[Date "2008.11.29"]
[Round "7"]
[White "Gallego Alcaraz,A"]
[Black "Sanchez,V"]
[Result "1/2-1/2"]
[WhiteElo "2365"]
[BlackElo "2170"]

1.e4 c5 2.Nf3 Nc6 3.d4 cxd4 4.Nxd4 Qc7 5.Nc3 e6 6.Be3 a6 7.Bd3 Nf6 8.O-O h5
9.h3 b5 10.Nxc6 Qxc6 11.a3 Bb7 12.Qe2 Bd6 13.f4 Bc5 14.Bxc5 Qxc5+ 15.Qf2 Qxf2+
16.Kxf2 h4 17.Ke3 Rc8 18.Rf2 Ke7  1/2-1/2

[Event "sub-zt 2.3.4 Absoluto"]
[Site "San Andres COL"]
[Date "2008.11.29"]
[Round "8"]
[White "Rojas Barrero,A"]
[Black "Sanchez,V"]
[Result "1-0"]
[WhiteElo "2255"]
[BlackElo "2170"]

1.e4 c5 2.Nf3 Nc6 3.d4 cxd4 4.Nxd4 Qc7 5.Nc3 e6 6.Be3 a6 7.Bd3 Nf6 8.O-O Ne5
9.h3 Bc5 10.Na4 Ba7 11.c4 d6 12.Rc1 O-O 13.Qe2 Bd7 14.Nc3 Rac8 15.b3 Bc5
16.Bb1 Qa5 17.Rc2 Ng6 18.Rd1 Bb4 19.Bd2 Qe5 20.Nf3 Qh5 21.Bc1 Qa5 22.Bb2 b5
23.Nd2 Bc6 24.Rdc1 Bc5 25.Nd1 b4 26.Bxf6 gxf6 27.Ne3 Kh8 28.Kh2 Rg8 29.g3 Qc7
30.Ng4 Qd8 31.Nh6 Rg7 32.f4 Qe7 33.Nf3 Ba8 34.Rd1 Qb7 35.Rcd2 Ne7 36.Rf1 Qb6
37.Rdd1 Ng8 38.Ng4 Qa7 39.Qb2 Qe7 40.Rfe1 h5 41.Ne3 Qa7 42.Qe2 Qb7 43.Nh4 f5
44.exf5 Nf6 45.fxe6 fxe6 46.Nc2 Re8 47.Nd4 Bxd4 48.Rxd4 e5 49.Rxd6 exf4 50.Qxe8+ Nxe8
51.Rxe8+ Rg8 52.Rh6+ Kg7 53.Rh7+ Kf6 54.Rxb7 fxg3+ 55.Kg1 Rxe8 56.Rb6+ Kg5
57.Ng2 Rf8 58.Rg6+  1-0

[Event "TCh-HUN 2008-9"]
[Site "Budapest HUN"]
[Date "2008.11.30"]
[Round "3"]
[White "Veroci,Z"]
[Black "Bors,T"]
[Result "1-0"]
[WhiteElo "2270"]
[BlackElo "2261"]

1.e4 c5 2.Nf3 Nc6 3.d4 cxd4 4.Nxd4 Qb6 5.Nb3 Nf6 6.Nc3 e6 7.Bd3 Be7 8.O-O d6
9.Kh1 a6 10.f4 h5 11.Qf3 Ng4 12.Bd2 Bd7 13.a3 Bf6 14.Nd1 Nd4 15.Nxd4 Bxd4
16.c3 Bf6 17.Ne3 Bc6 18.Qe2 O-O-O 19.Nxg4 hxg4 20.Be3 g3 21.h3 Qc7 22.Kg1 g6
23.Rac1 Bh4 24.c4 f5 25.Qc2 Kb8 26.b4 fxe4 27.Bxe4 d5 28.Bd4 dxe4 29.Be5 Rd6
30.c5 Rhd8 31.Bxd6 Rxd6 32.cxd6 Qxd6 33.Qc3 g5 34.Rcd1 Qc7 35.Qh8+ Ka7 36.Qd4+ b6
37.Qd6 Qxd6 38.Rxd6 Bb5 39.Re1 gxf4 40.Rxe4 Bg5 41.Rexe6  1-0

[Event "Mediterranean Open"]
[Site "Rijeka CRO"]
[Date "2008.11.30"]
[Round "3"]
[White "Deur,Z"]
[Black "Doric,N"]
[Result "0-1"]
[WhiteElo "2003"]
[BlackElo "2352"]

1.e4 c5 2.Nf3 Nc6 3.d4 cxd4 4.Nxd4 Qb6 5.Nb3 Nf6 6.Nc3 e6 7.Be3 Qc7 8.a3 d6
9.Be2 a6 10.f4 Be7 11.O-O O-O 12.Qd2 b5 13.Bf3 Bb7 14.Rad1 Rab8 15.Qf2 Ba8
16.Nd4 Nxd4 17.Bxd4 e5 18.Ba7 Rbc8 19.f5 Qc4 20.Rfe1 Qc7 21.g4 h6 22.Be3 Nh7
23.Bb6 Qb8 24.Ba7 Qb7 25.Kh1 Rc7 26.Be3 Qc8 27.Bb6 Rc4 28.h4 b4 29.axb4 Rxb4
30.Be3 Rxb2 31.Rd3 Qd8 32.g5 hxg5 33.Rg1 g4 34.Rxg4 Nf6 35.Rg1 Ne8 36.h5 Kh7
37.h6 Rh8 38.hxg7 Nxg7 39.Kg2 Kg8 40.Kf1 Qa5 41.Qd2 Rh7 42.Bd1 Qb4 43.f6 Bxf6
44.Rxd6 Be7 45.Rh6 Bxe4 46.Nxe4 Qxe4 47.Rxh7 Kxh7 48.Qh2+ Kg8 49.Rh1 Qf5+
50.Kg1 Qg6+ 51.Kf1 Qf5+ 52.Kg1 f6 53.Qh8+ Kf7 54.Qa8 Rb1 55.Kg2 Rxd1  0-1